| 000 | 00339nam a22001337a 4500 | ||
|---|---|---|---|
| 999 |
_c24228 _d24228 |
||
| 003 | NUST | ||
| 008 | 140509b xxu||||| |||| 00| 0 eng d | ||
| 020 | _cAvailable | ||
| 038 | _aNusrat Nadeem | ||
| 082 | _a004.12 | ||
| 100 |
_aRichard Easlick _913758 |
||
| 245 |
_aMCSE:Exchange server 5.5 Study Guide _cRichard Easlick |
||
| 942 |
_2ddc _cBK |
||